000 00623cam a22002051 4500
001 sa 65004565
003 DLC
005 20260227112131.0
008 890913s1964 io 000 0 ind
010 _asa 65004565
035 _a(OCoLC)23536839
040 _aDLC
_cMiU
_dDLC
042 _apremarc
050 0 0 _aDS644.2.1964
_b.A66
100 1 _aAbdulgani, Roeslan,
_d1914-
245 1 0 _aTerus bina kesatuan bangsa,
_coleh H. Roeslan Abdulgani.
260 _a[Djakarta]
_bDepartemen Penerangan
_c[cover 1964]
300 _a30 p.
_c22 cm.
500 _a"Keputusan Presiden Republik Indonesia no. 140 tahun 1963": p. 29-30.
999 _c63827
_d63827